=LDR 00000nam 2200000 4500 =001 NUTBA000000000005923 =005 20141113091001.0 =006 =007 =008 =020 ##$$a 978-979-29-3402-1 =035 ##$$a 0010-111400000000402 =040 ##$$a NBPDMAT =082 ##$$a 617.6 =090 ##$$a 617.6 $b Yek e =100 ##$$a Yekti Mumpuni =245 ##$$a 45 masalah dan solusi penyakit gigi dan mulut / $c oleh Yekti Mumpuni dan Erlita Pratiwi =260 ##$$a Yogyakarta : $b Rapha Publishing, $c 2013 =300 ##$$a x, 124 hlm. : $b ilus. ; $c 20 cm. =650 ##$$a Kedokteran gigi